Missing word in Shawn Mendes songs (2014-2015) - Statistics

General Stats
  • This quiz has been taken 311 times
  • The average score is 10 of 15
Answer Stats
Hint Answer % Correct
I love it when you ____ don't care just
86%
I thought that I'd been ____ before hurt
82%
All the _______ attached, yeah strings
81%
You can't walk the _______ at night streets
78%
Never _______ that we would end up here thought
76%
Think I don't need a _____ to tell the time watch
74%
She would not show that she was ______ afraid
69%
I _______ that one day I'll be around promise
61%
Time warp in the ______ of a daydream middle
58%
Turns out that no one can _______ me replace
58%
Play the _____ you might win it lotto
54%
Caught the ______ of my eye corner
46%
And the _____ came and pulled you away crowd
44%
I watch your ________ eyes you rest troubled
44%
You tell me you were _______ with him happier
42%
No matching quizzes found
Score Distribution
Percent of People with Each Score
Percentile by Number Answered
Your Score History
You have not taken this quiz